00510nam a2200157Ia 450000500170000000800410001708200150005810000150007324500710008826000450015930000170020465000140022194200060023595200960024199900150033720240522035006.0240331s9999 xx 000 0 und d bADLa338.9 aAdler, J.H 0aInternational development 1968 :baccomlishments and apprehensions aNew YorkbOceana Publications, Incc1969 axi, 351 p ., aEconomic  cL 001040708LaWERCLbWERCLcSSCd2024-03-31l0o 338.9 ADLp336r2024-03-31w2024-03-31yL c2680d2680